Men are from mars, women are from venus : (Record no. 4619)

MARC details
000 -LEADER
fixed length control field 00811cam a2200253 4500
001 - CONTROL NUMBER
control field 5491
005 - DATE AND TIME OF LATEST TRANSACTION
control field 20181127175633.0
008 - FIXED-LENGTH DATA ELEMENTS--GENERAL INFORMATION
fixed length control field 031027s2003 nyua 000 0 eng d
010 ## - LIBRARY OF CONGRESS CONTROL NUMBER
LC control number 2003273645
020 ## - INTERNATIONAL STANDARD BOOK NUMBER
International Standard Book Number 9788172235031
042 ## - AUTHENTICATION CODE
Authentication code lccopycat
100 1# - MAIN ENTRY--PERSONAL NAME
Personal name Gray, John,
Dates associated with a name 1951-
245 10 - TITLE STATEMENT
Title Men are from mars, women are from venus :
Remainder of title the definitive guide to relationships /
Statement of responsibility, etc. John Gray.
250 ## - EDITION STATEMENT
Edition statement 1st ed.
260 ## - PUBLICATION, DISTRIBUTION, ETC.
Place of publication, distribution, etc. London :
Name of publisher, distributor, etc. HarperCollins Publishers,
Date of publication, distribution, etc. 2015.
300 ## - PHYSICAL DESCRIPTION
Extent xi, 307 p. :
Other physical details ill. ;
Dimensions 22 cm.
650 #0 - SUBJECT ADDED ENTRY--TOPICAL TERM
Topical term or geographic name entry element Communication in marriage.
Topical term or geographic name entry element Man-woman relationships.
Topical term or geographic name entry element Marriage.
Topical term or geographic name entry element Men
General subdivision Psychology.
Topical term or geographic name entry element Sex differences (Psychology)
Topical term or geographic name entry element Women
General subdivision Psychology.
700 1# - ADDED ENTRY--PERSONAL NAME
Personal name Gray, John,
Dates associated with a name 1951-
Title of a work Men are from Mars, women are from Venus.
Holdings
Withdrawn status Lost status Source of classification or shelving scheme Damaged status Not for loan Collection code Home library Current library Shelving location Date acquired Serial Enumeration / chronology Inventory number Total Checkouts Total Renewals Full call number Barcode Date last seen Date last checked out Price effective from Koha item type
    Dewey Decimal Classification     Main TEST RTC Library RTC Library Main opac 01/03/2021 8848 5 2 646.7 GRA 30009690 28/08/2024 21/06/2024 27/11/2018 Main
Royal Thimphu College || All Right Reserved